[Event "Doeberl Cup Minor 48th"]
[Site "Canberra"]
[Date "2010.04.04"]
[Round "6"]
[White "Lane, Clive"]
[Black "East, William A"]
[Result "1/2-1/2"]
[WhiteElo "1539"]
[BlackElo "1166"]
[PlyCount "100"]
[EventDate "2010.04.02"]
[EventType "swiss"]
[EventRounds "7"]
[EventCountry "AUS"]
[SourceTitle "EXT 2012"]
[Source "ChessBase"]
[SourceDate "2011.11.24"]
[SourceVersion "1"]
[SourceVersionDate "2011.11.24"]
[SourceQuality "1"]

1. d4 Nf6 2. Nf3 g6 3. Bf4 Bg7 4. e3 d6 5. Be2 0-0 6. 0-0 Nbd7 7. c4 Re8 8. Nc3 Nh5 9. Bg5 h6 10. Bh4 Nhf6 11. e4 g5 12. Bg3 Nh5 13. Rc1 Nxg3 14. fxg3 c5 15. d5 a6 16. Kh1 b6 17. b3 Qc7 18. Ne1 Ne5 19. Bh5 Rf8 20. Nf3 Bd7 21. Nxe5 Bxe5 22. Qf3 f6 23. Bg4 Bxg4 24. Qxg4 Bxc3 25. Rxc3 Qc8 26. Qf5 Qxf5 27. exf5 b5 28. Re1 Kf7 29. Kg1 b4 30. Rce3 Rfe8 31. Kf2 a5 32. a4 Ra7 33. g4 Rh8 34. g3 Rh7 35. h4 Rh8 36. Kg2 Rh7 37. R3e2 Rh8 38. Kf3 Rh7 39. Rh1 Kg7 40. Reh2 Ra8 41. hxg5 fxg5 42. Re1 Kf7 43. Re6 Rah8 44. Ke4 h5 45. gxh5 Rxh5 46. Rxh5 Rxh5 47. Kf3 Rh2 48. Kg4 Rb2 49. Re3 Kf6 50. Re6+ Kf7 1/2-1/2

[Event "Cammeray Norths CC op"]
[Site "Cammeray"]
[Date "2010.01.02"]
[Round "1"]
[White "Lane, Clive"]
[Black "Baker, John"]
[Result "1-0"]
[WhiteElo "1540"]
[BlackElo "1258"]
[PlyCount "79"]
[EventDate "2010.01.02"]
[EventType "swiss"]
[EventRounds "7"]
[EventCountry "AUS"]
[SourceTitle "EXT 2011"]
[Source "ChessBase"]
[SourceDate "2010.11.26"]
[SourceVersion "1"]
[SourceVersionDate "2010.11.26"]
[SourceQuality "1"]

1. d4 Nf6 2. Nf3 d5 3. e3 e6 4. Bd3 Nbd7 5. 0-0 c5 6. b3 cxd4 7. exd4 Be7 8. Bb2 0-0 9. Nbd2 Qc7 10. Ne5 a6 11. f4 Bd6 12. Rf3 Qb6 13. Kh1 Re8 14. Rh3 Nf8 15. g4 Bxe5 16. dxe5 Ne4 17. Nxe4 dxe4 18. Bxe4 Rd8 19. Rd3 Bd7 20. Qf3 Bc6 21. Rad1 Rxd3 22. Rxd3 Bxe4 23. Qxe4 Nd7 24. Rxd7 Qf2 25. Rd1 Rc8 26. Qd3 g6 27. Rf1 Qh4 28. g5 h6 29. gxh6 Qxh6 30. Ba3 Qh4 31. Bd6 Kg7 32. c4 Rh8 33. Qe2 Qd8 34. Qf2 Qd7 35. Qf3 Rc8 36. Qf2 Rh8 37. Qg2 Rh5 38. Rd1 Qc8 39. Be7 Rh8 40. Bf6+ 1-0

[Event "Doeberl Cup Major 47th"]
[Site "Canberra"]
[Date "2009.04.12"]
[Round "6"]
[White "Staak, Eric"]
[Black "Lane, Clive"]
[Result "0-1"]
[WhiteElo "1519"]
[BlackElo "1621"]
[PlyCount "56"]
[EventDate "2009.04.10"]
[EventType "swiss"]
[EventRounds "6"]
[EventCountry "AUS"]
[SourceTitle "CBM 129 Extra"]
[Source "ChessBase"]
[SourceDate "2009.05.05"]
[SourceVersion "2"]
[SourceVersionDate "2009.05.20"]
[SourceQuality "1"]

1. e4 c5 2. Nf3 d6 3. d4 cxd4 4. Nxd4 Nf6 5. Nc3 a6 6. Bc4 e6 7. Be3 Be7 8. Bb3 Qc7 9. Qe2 0-0 10. 0-0-0 b5 11. f3 Bd7 12. Qf2 Nc6 13. Kb1 Rfb8 14. g4 Nxd4 15. Rxd4 a5 16. a4 bxa4 17. Nxa4 Bxa4 18. Rxa4 Nd7 19. h4 Rb4 20. Rh2 Nc5 21. Bxc5 dxc5 22. Rxb4 axb4 23. c3 c4 24. Bc2 b3 25. Bd1 Qa5 26. Kc1 Qa1+ 27. Kd2 Rd8+ 28. Ke3 Bc5+ 0-1

[Event "Doeberl Cup Major 39th"]
[Site "Canberra"]
[Date "2001.04.15"]
[Round "6.10"]
[White "Fell, Lloyd Stanley"]
[Black "Lane, Clive"]
[Result "1-0"]
[WhiteElo "1853"]
[BlackElo "1647"]
[PlyCount "103"]
[EventDate "2001.04.13"]
[EventType "swiss"]
[EventRounds "7"]
[EventCountry "AUS"]
[SourceTitle "EXT 2002"]
[Source "ChessBase"]
[SourceDate "2001.11.25"]
[SourceVersion "1"]
[SourceVersionDate "2001.11.25"]
[SourceQuality "1"]

1. Nf3 Nf6 2. c4 e6 3. Nc3 b6 4. d4 Bb7 5. e3 Bb4 6. Bd2 d6 7. Be2 Nbd7 8. 0-0 0-0 9. a3 Bxc3 10. Bxc3 Ne4 11. Be1 f5 12. Nd2 Ndf6 13. f3 Nxd2 14. Qxd2 Qe8 15. Bd3 Qg6 16. Qc2 Rae8 17. Bc3 Qh6 18. Rae1 c5 19. Qf2 Nd7 20. Bd2 Qh5 21. Qg3 e5 22. d5 Nf6 23. Be2 Qf7 24. Bd3 Qh5 25. Bc3 Bc8 26. Bc2 Qf7 27. Kh1 Nh5 28. Qh4 Nf6 29. h3 Qh5 30. Qxh5 Nxh5 31. Kh2 f4 32. e4 Bd7 33. b4 g5 34. Rb1 Rf6 35. Rfd1 Rh6 36. Kg1 Ng3 37. Kf2 Rf6 38. bxc5 dxc5 39. a4 h5 40. a5 g4 41. h4 gxf3 42. gxf3 Rg6 43. axb6 axb6 44. Rb2 Kf7 45. Rdb1 Reg8 46. Bxe5 Nxe4+ 47. Bxe4 Rg2+ 48. Ke1 Rg1+ 49. Kd2 R8g2+ 50. Kc3 Ba4 51. Rxg2 Rxg2 52. Bxf4 1-0